000 00846nam a22002177a 4500
999 _c19986
_d19986
003 AR-CdUCM
008 190311b ||||| |||| 00| 0 spa d
040 _aMUNICIPALIDAD PROVINCIAL DEL CUSCO
_cBIBLIOTECA MUNICIPAL DEL CUSCO
082 _a840.907 /
_bA77
_22ed
100 _aArrighi, Paul
_915197
245 _aLa literatura Italiana :
_bDesde sus orígenes hasta nuestros días /
260 _aBuenos Aires :
_bEUDEBA,
_c1965.
300 _a61 páginas ;
_c25 cm.
505 _aContenido: Antes de Dante -- Los tres Grandes -- El renacimiento -- Clasicismo, marinismo y Arcadia -- El siglo del cosmopolitismo y las luces...
650 _aPeriodo de las luces
_915198
650 _aRomanticismo
_9518
650 _aLiteratura contemporánea
_9759
700 _aMercader, Marta (traducción)
_915199
942 _2ddc
_cLIBROS
945 _aJavier